00344 2200145 4500001002100000005001500021035002000036245003800056100001300094300001200107260004500119082000800164084001400172990001200186INLIS00000000000232720250528094111 a0010-05250006191 aJapun Nugriya Nugroho /cNH. Dini0 aNH. Dini a372 hlm aJakarta :bGramedia Pustaka Utama,c2001 a813 a813 NH. j a0713402